00846nacaa22001817u 450000500170000000800440001704100080006111001000006924500760016924600230024526000090026830000280027750001190030565000230042494200150044799900170046295201850047920260405051035.0260405s1936 ii ||ggg|||ooo| 0 eeengdd d heng aGovernment of Bengal,bDepartment: Appointment,cBranch: Reforms,dList No. 117,eB-Proceedings aLeaving unfilled the post of District and Sessionion Judge, Midnapore.  aFile No. 5C-49/36 c1936 a39 P.cH-35 cm; W-22 cm aসচিবালয় রেকর্ডরুম সংগ্রহ (প্রথম পর্যায়)  aSessionion 2Judge cFL2ddcn0 c71570d71570 00104071aNABbNABcDISPLAYd2026-04-05eSecretariat Records Room Collection (1st phase)l0oRack No. 3, Bundle No. 42, Sl No. 2478p71570r2026-04-05 05:11:04t1w2026-04-05yFL